Tim Burton Movie Titles - Statistics

General Stats
  • This quiz has been taken 16 times
  • The average score is 8 of 14
Answers on the Grid
Answers color-coded by a green-red scale on the quiz's grid according to % correct below.
Batman Comes Back
Dark Shadows
Sleeping Hollow
Alice's Wonderland
Pee Wee's Big Adventure
Frankenweenie
Beatlejuice
Miss Peregrines Home for Peculiar Children
Darkest Shadows
Huge Eyes
Badman
Charlie and the Candy Factory
Dumbo
Sleepy Hollow
Alice in Wonderland
Alice in Wonderland: Time Travel
Sweeney Todd: A horrific Musical
Planet of the Apes
Miss Peppers Home for Peculiar Children
Beetlejuice
Charlie and the Chocolate Factory
Wonderful Kid's Island
A special Elephant's Tale
Sweeney Todd: The Demon Barber of Fleet Street
Big Eyes
Batman: The Beginning
Batman Always and Forever
Alice in Wonderland: Through the Looking Glass
Batman Returns
Monkey Planet
 
Answer Stats
Answer % Correct
Batman Returns
70%
Beetlejuice
70%
Alice in Wonderland
60%
Alice in Wonderland: Through the Looking Glass
60%
Dark Shadows
60%
Frankenweenie
60%
Miss Peregrines Home for Peculiar Children
60%
Sweeney Todd: The Demon Barber of Fleet Street
60%
Big Eyes
50%
Charlie and the Chocolate Factory
50%
Planet of the Apes
50%
Sleepy Hollow
50%
Dumbo
40%
Pee Wee's Big Adventure
40%
No matching quizzes found
Score Distribution
Percent of People with Each Score
Percentile by Number Answered
Your Score History
You have not taken this quiz